00716nam a2200217Ia 4500003000400000005001700004006001800021007000300039008004100042024000900083037001100092040001800103041001300121100002300134110007700157245013400234260000900368650001300377700003100390700007700421OSt20220930064451.0a|||||r|||| 00| 0ta220926b |||||||| |||| 00| 0 eng d a4261 cTheses aCRLcCRLbeng 2engaeng aGupta Satish Kumar aUniversity of Delhi. Faculty of Medical Sciences. Department of Medicine 0aTo study the bacterial and endotoxin profile in bloodand ascitic fluid in patients of cirrhosis and non cirrhotic portal fibrosis c1989 aMEDICINE a Dr Richa Dewan Supervisor aUniversity of Delhi. Faculty of Medical Sciences. Department of Medicine